00513 2200193 4500245007600000020002200076250001100098100002200109100001500131100001400146700001600160650003300176005001900209260003300228041001400261084001200275300002300287336000900310 aKamus Super Lengkap Arab - Inggris - IndonesiacMoh. Tohiri habibhText a978-602-391-464-7 aCet. 1 aMoh. Tohiri habib aNurul Huda aRusdianto aSidna Jabir aKamus Arab Inggris Indonesia a20230511135224 aYogyakartabDIVA Pressc2017 aIndonesia a499.221 a844 hlm. :c24 cm. atext